[Event "Madrid ch 2016/2017 - Previa A"]
[Site "Madrid ESP"]
[Date "2017.02.15"]
[Round "6.2"]
[White "Gil Sierra, Jacinto"]
[Black "Tirado Parra, Alberto"]
[Result "0-1"]
[WhiteElo "1943"]
[BlackElo "1903"]
[PlyCount "86"]
[EventDate "2017.02.06"]
[EventType "swiss"]
[EventRounds "9"]
[EventCountry "ESP"]
[SourceTitle "Ajedrez en Madrid"]
[Source "lmi"]
[SourceDate "2017.02.06"]
[SourceVersion "1"]
[SourceVersionDate "2017.02.21"]
[SourceQuality "1"]

1. e4 d6 2. d4 Nf6 3. Bd3 e5 4. c3 g6 5. Nf3 Nc6 6. O-O Bg7 7. h3 O-O 8. Re1
Kh8 9. Bc2 Ng8 10. dxe5 Nxe5 11. Nd4 Ne7 12. Bg5 f6 13. Bh4 Qe8 14. Nd2 c5 15.
N4f3 Be6 16. Bb3 c4 17. Ba4 b5 18. Nd4 Bd7 19. Bc2 a5 20. f4 Nf7 21. a4 Qb8 22.
axb5 Bxb5 23. Ne6 Re8 24. Nxg7 Kxg7 25. Nf3 Nc6 26. Nd4 Nxd4 27. Qxd4 Re6 28.
Bf2 Qe8 29. Rad1 Ba4 30. Bxa4 Qxa4 31. Qd5 Rae8 32. Bd4 Qc2 33. Rc1 Qxb2 34.
Qxc4 Rxe4 35. Qf1 Qd2 36. Red1 Qxf4 37. Qa6 Qg3 38. Rf1 Re2 39. Qb7 R8e4 40.
Bxf6+ Kh6 41. Bg7+ Kh5 42. Rf5+ Ng5 43. Qxe4 Rxe4 0-1

[Event "Madrid ch 2016/2017 - Previa A"]
[Site "Madrid ESP"]
[Date "2017.02.15"]
[Round "6.3"]
[White "Fernandez Garcia, Ignacio"]
[Black "Jimenez Gonzalez, Marcos"]
[Result "0-1"]
[WhiteElo "1856"]
[BlackElo "1798"]
[PlyCount "146"]
[EventDate "2017.02.06"]
[EventType "swiss"]
[EventRounds "9"]
[EventCountry "ESP"]
[SourceTitle "Ajedrez en Madrid"]
[Source "lmi"]
[SourceDate "2017.02.06"]
[SourceVersion "1"]
[SourceVersionDate "2017.02.21"]
[SourceQuality "1"]

1. e4 c6 2. d4 d5 3. Nc3 dxe4 4. Nxe4 Bf5 5. Ng3 Bg6 6. Nf3 Nd7 7. h4 h6 8. Bc4
Ngf6 9. Qe2 e6 10. Bd2 Bxc2 11. Bxh6 Bb4+ 12. Bd2 Bxd2+ 13. Qxd2 Bg6 14. Rd1
Qc7 15. Bd3 Bxd3 16. Qxd3 O-O-O 17. b4 Nd5 18. O-O Nxb4 19. Qd2 Nd5 20. Rfe1
Nf4 21. Re4 Nh5 22. Nxh5 Rxh5 23. g3 Rd5 24. Qc2 Rf5 25. Re3 Nb6 26. Ra3 Qd6
27. Rdd3 Kb8 28. Ne5 Rh8 29. Qd2 Qc7 30. Qa5 Nc8 31. Qa4 g5 32. Rdb3 Rxe5 33.
dxe5 Qxe5 34. Qxc6 Nb6 35. Qf3 Nd5 36. Qxf7 Qe1+ 37. Kh2 Nb6 38. Re3 Qb4 39.
Rab3 Qc5 40. h5 Rf8 41. Rbc3 Qd6 42. Red3 Nd5 43. Qg6 Rxf2+ 44. Kg1 Rf8 45.
Qxg5 Qb6+ 46. Re3 Qb1+ 47. Kh2 Rf2+ 48. Kh3 Qh1+ 49. Kg4 Nf6+ 50. Qxf6 Rxf6 51.
Red3 a6 52. Rf3 Qd1 53. Rcd3 Qe2 54. Rde3 Qd1 55. Rd3 Qe2 56. Rde3 Qc4+ 57. Rf4
Rxf4+ 58. gxf4 Qxa2 59. h6 Qg2+ 60. Rg3 Qd5 61. Rh3 Qf5+ 62. Kg3 Qg6+ 63. Kf3
Qh7 64. Kg4 Kc7 65. Rh5 b5 66. Kf3 Kd6 67. Ke3 b4 68. Ra5 Qxh6 69. Rxa6+ Ke7
70. Rb6 b3 71. Ke4 Qh1+ 72. Kd3 Qf3+ 73. Kc4 Qe4+ 0-1

[Event "Madrid ch 2016/2017 - Previa A"]
[Site "Madrid ESP"]
[Date "2017.02.15"]
[Round "6.5"]
[White "Lozano Sanchez, Jose Antonio"]
[Black "Ortega Morales, Pedro"]
[Result "1-0"]
[WhiteElo "1843"]
[BlackElo "1760"]
[PlyCount "97"]
[EventDate "2017.02.06"]
[EventType "swiss"]
[EventRounds "9"]
[EventCountry "ESP"]
[SourceTitle "Ajedrez en Madrid"]
[Source "lmi"]
[SourceDate "2017.02.06"]
[SourceVersion "1"]
[SourceVersionDate "2017.02.21"]
[SourceQuality "1"]

1. e4 e5 2. Nf3 Nc6 3. Bc4 Bc5 4. Nc3 Nf6 5. d3 h6 6. O-O d6 7. h3 O-O 8. Na4
a6 9. Nxc5 dxc5 10. a4 b6 11. Be3 Bb7 12. Nh2 Qd7 13. f4 Qe7 14. Ng4 Kh7 15.
Rb1 Rad8 16. Nxf6+ Qxf6 17. fxe5 Qe7 18. Bd5 Ba8 19. Qh5 Nxe5 20. Bxa8 Rxa8 21.
Rf5 f6 22. Rbf1 Rad8 23. g4 Qe8 24. Qh4 Qg6 25. Bf4 Kg8 26. Bxe5 fxe5 27. Rxe5
Rxf1+ 28. Kxf1 Rf8+ 29. Rf5 Qd6 30. Qf2 Rxf5 31. gxf5 Qf6 32. c3 Qd6 33. Ke2
Qc6 34. b3 c4 35. bxc4 Qxa4 36. Qg3 Qc2+ 37. Ke3 Qxc3 38. Qxc7 Qf6 39. Qc8+ Kh7
40. Qxa6 Qd6 41. Qb7 Qc5+ 42. Kd2 Qd4 43. Qc6 Qb2+ 44. Ke3 Qc1+ 45. Kd4 Qg1+
46. Kd5 Qg3 47. Qg6+ Qxg6 48. fxg6+ Kxg6 49. Kd6 1-0

[Event "Madrid ch 2016/2017 - Previa A"]
[Site "Madrid ESP"]
[Date "2017.02.15"]
[Round "6.6"]
[White "Serrano Garcia, Vicente"]
[Black "Camarero Izquierdo, Juan Carlo"]
[Result "0-1"]
[WhiteElo "1822"]
[BlackElo "1731"]
[PlyCount "58"]
[EventDate "2017.02.06"]
[EventType "swiss"]
[EventRounds "9"]
[EventCountry "ESP"]
[SourceTitle "Ajedrez en Madrid"]
[Source "lmi"]
[SourceDate "2017.02.06"]
[SourceVersion "1"]
[SourceVersionDate "2017.02.21"]
[SourceQuality "1"]

1. d4 f5 2. Nf3 Nf6 3. Bg5 e6 4. e3 b6 5. Nbd2 Bb7 6. Bd3 Be7 7. c3 O-O 8. O-O
Ne4 9. Bxe7 Qxe7 10. c4 d6 11. Rc1 Nd7 12. b4 Rf6 13. d5 Nxd2 14. Qxd2 e5 15.
Ng5 e4 16. Be2 Rh6 17. Ne6 Ne5 18. f4 Nf7 19. Qe1 Bc8 20. Nd4 Bd7 21. a4 Rf8
22. a5 g5 23. Qg3 Kh8 24. fxg5 Nxg5 25. Rf4 Rg8 26. Qe1 Nh3+ 27. Kh1 Nxf4 28.
exf4 Qg7 29. Qf2 e3 0-1

[Event "Madrid ch 2016/2017 - Previa A"]
[Site "Madrid ESP"]
[Date "2017.02.15"]
[Round "6.7"]
[White "Saber, Salah"]
[Black "Vukotic Jovsic, Dragan"]
[Result "0-1"]
[WhiteElo "1783"]
[BlackElo "1968"]
[PlyCount "60"]
[EventDate "2017.02.06"]
[EventType "swiss"]
[EventRounds "9"]
[EventCountry "ESP"]
[SourceTitle "Ajedrez en Madrid"]
[Source "lmi"]
[SourceDate "2017.02.06"]
[SourceVersion "1"]
[SourceVersionDate "2017.02.21"]
[SourceQuality "1"]

1. d4 d5 2. Bf4 Nf6 3. Nf3 e6 4. e3 c5 5. c3 Bd6 6. Bb5+ Nc6 7. Ne5 Qc7 8.
Bxc6+ bxc6 9. Bg3 Ba6 10. Nd2 cxd4 11. exd4 O-O 12. b4 Ne4 13. Qc2 f6 14. Nxe4
dxe4 15. Ng4 Bd3 16. Qd2 a5 17. bxa5 h5 18. Ne3 Rxa5 19. c4 Ra4 20. c5 Bf4 21.
Qc3 Rfa8 22. a3 g5 23. Qb3 Qa5+ 24. Kd1 Bc4 25. Nxc4 Rxc4 26. Bxf4 Rxd4+ 27.
Kc2 gxf4 28. Qxe6+ Kg7 29. Rhd1 Qxc5+ 30. Kb2 Rb8+ 0-1

[Event "Madrid ch 2016/2017 - Previa A"]
[Site "Madrid ESP"]
[Date "2017.02.15"]
[Round "6.8"]
[White "Hernanz Villaoslada, Javier"]
[Black "Cardena Contreras, Javier"]
[Result "0-1"]
[WhiteElo "1719"]
[BlackElo "1935"]
[PlyCount "110"]
[EventDate "2017.02.06"]
[EventType "swiss"]
[EventRounds "9"]
[EventCountry "ESP"]
[SourceTitle "Ajedrez en Madrid"]
[Source "lmi"]
[SourceDate "2017.02.06"]
[SourceVersion "1"]
[SourceVersionDate "2017.02.21"]
[SourceQuality "1"]

1. d4 Nf6 2. c4 e6 3. Nc3 c5 4. d5 exd5 5. cxd5 d6 6. e4 g6 7. Be2 Bg7 8. Nf3
O-O 9. O-O Nbd7 10. Bg5 Re8 11. Qc2 h6 12. Bf4 Ne5 13. Nxe5 dxe5 14. Be3 b6 15.
Rad1 Bb7 16. f3 a6 17. Qb3 Qd6 18. Na4 Nd7 19. Rc1 Rac8 20. Qa3 Kh7 21. b3 f5
22. Qb2 f4 23. Bf2 g5 24. Be1 b5 25. Nc3 Nf6 26. Nd1 h5 27. Nf2 Rc7 28. a3 Bc8
29. Nd3 Nd7 30. Ba5 Nb6 31. Bc3 Rce7 32. Ba5 Nd7 33. Qc2 g4 34. Nxf4 Qh6 35.
Nd3 Qe3+ 36. Kh1 c4 37. bxc4 bxc4 38. Nb2 Qxa3 39. Nxc4 Qc5 40. Qd2 Bh6 41. f4
Bxf4 42. Rxf4 exf4 43. Qxf4 Rf8 44. Qg5 Nf6 45. Bd2 Nxe4 46. Qxh5+ Kg8 47. Qg6+
Kh8 48. Qh5+ Rh7 49. Qe5+ Nf6 50. Nd6 Qxd5 51. Qxd5 Nxd5 52. Nxc8 Rf2 53. Re1
Rc7 54. Bc1 Rxe2 55. Rf1 Rxc8 0-1

[Event "Madrid ch 2016/2017 - Previa A"]
[Site "Madrid ESP"]
[Date "2017.02.15"]
[Round "6.9"]
[White "Santamaria Baeza, Adolfo"]
[Black "Serrano Gonzalez, Oscar"]
[Result "1-0"]
[WhiteElo "1872"]
[BlackElo "1739"]
[PlyCount "82"]
[EventDate "2017.02.06"]
[EventType "swiss"]
[EventRounds "9"]
[EventCountry "ESP"]
[SourceTitle "Ajedrez en Madrid"]
[Source "lmi"]
[SourceDate "2017.02.06"]
[SourceVersion "1"]
[SourceVersionDate "2017.02.21"]
[SourceQuality "1"]

1. e4 e6 2. d4 d5 3. e5 c5 4. Nf3 Nc6 5. Bb5 Qa5+ 6. Nc3 Bd7 7. Bd2 Qc7 8. O-O
a6 9. Bxc6 bxc6 10. dxc5 Bxc5 11. Na4 Ba7 12. c3 c5 13. b4 Ne7 14. Nxc5 Bxc5
15. bxc5 Qxc5 16. Nd4 Ng6 17. Re1 Bb5 18. a4 Bc4 19. Qg4 Bd3 20. h4 h5 21. Qh3
Be4 22. Kh1 Ne7 23. Qg3 Bg6 24. Bc1 Rc8 25. Re3 Qa5 26. Kh2 Rc4 27. Qg5 Rxa4
28. Rxa4 Qxa4 29. c4 O-O 30. Qxe7 Qxc4 31. Ba3 Rb8 32. Nf3 Qf4+ 33. g3 Qg4 34.
Bd6 Rc8 35. Rc3 Ra8 36. Rb3 Bf5 37. Ng5 Qe2 38. Qxf7+ Kh8 39. Rf3 Qf1 40. Qxh5+
Kg8 41. Rxf5 exf5 1-0

[Event "Madrid ch 2016/2017 - Previa A"]
[Site "Madrid ESP"]
[Date "2017.02.15"]
[Round "6.10"]
[White "Martinez Miura, Enrique"]
[Black "Pashov, Spas Nikolov"]
[Result "0-1"]
[WhiteElo "1660"]
[BlackElo "1853"]
[PlyCount "58"]
[EventDate "2017.02.06"]
[EventType "swiss"]
[EventRounds "9"]
[EventCountry "ESP"]
[SourceTitle "Ajedrez en Madrid"]
[Source "lmi"]
[SourceDate "2017.02.06"]
[SourceVersion "1"]
[SourceVersionDate "2017.02.21"]
[SourceQuality "1"]

1. e4 e5 2. Nf3 Nc6 3. Bb5 f5 4. d3 fxe4 5. dxe4 Nf6 6. O-O d6 7. Nc3 Be7 8.
Bg5 Be6 9. Bxf6 Bxf6 10. Nd5 O-O 11. Nxf6+ Qxf6 12. Be2 Qg6 13. Qd3 Nb4 14. Qc3
Nc6 15. Qd3 Rf4 16. Kh1 Raf8 17. a3 h6 18. Rae1 Qxe4 19. Qb5 b6 20. c4 Bxc4 21.
Bxc4+ Qxc4 22. Qxc4+ Rxc4 23. Rc1 b5 24. b3 Rc5 25. Kg1 Nd4 26. Nxd4 exd4 27.
Rxc5 dxc5 28. Rc1 Re8 29. Kf1 d3 0-1

[Event "Madrid ch 2016/2017 - Previa A"]
[Site "Madrid ESP"]
[Date "2017.02.15"]
[Round "6.11"]
[White "Rottenwoerer, Christoph"]
[Black "Osorio Ramos, Francisco"]
[Result "1/2-1/2"]
[WhiteElo "1665"]
[BlackElo "1838"]
[PlyCount "94"]
[EventDate "2017.02.06"]
[EventType "swiss"]
[EventRounds "9"]
[EventCountry "ESP"]
[SourceTitle "Ajedrez en Madrid"]
[Source "lmi"]
[SourceDate "2017.02.06"]
[SourceVersion "1"]
[SourceVersionDate "2017.02.21"]
[SourceQuality "1"]

1. d4 Nf6 2. Bf4 g6 3. e3 Bg7 4. c3 O-O 5. h3 d6 6. Nf3 b6 7. Nbd2 Bb7 8. Bh2
Nbd7 9. Be2 e6 10. O-O Qe7 11. a4 a6 12. Re1 e5 13. Nc4 e4 14. Nfd2 Rfe8 15.
Na3 h5 16. Nc2 Rac8 17. Nc4 Qe6 18. Nb4 Bf8 19. Na3 Nb8 20. Bc4 d5 21. Be2 Red8
22. Nbc2 c5 23. c4 dxc4 24. Bxc4 Bd5 25. b3 Bd6 26. Qe2 Bxh2+ 27. Kxh2 Bxc4 28.
Nxc4 b5 29. axb5 axb5 30. Nd2 c4 31. bxc4 bxc4 32. Rec1 Rc6 33. Kg1 Rdc8 34.
Nb4 R6c7 35. Rc3 Qb6 36. Nc2 Qe6 37. Ra4 Nbd7 38. Raxc4 Rxc4 39. Rxc4 Nb6 40.
Rxc8+ Qxc8 41. Nb1 Nbd5 42. Qd2 Qc4 43. Nca3 Qb3 44. Qc2 Qb4 45. Qd2 Qb3 46.
Qc2 Qb4 47. Qd2 Qb3 1/2-1/2

[Event "Madrid ch 2016/2017 - Previa A"]
[Site "Madrid ESP"]
[Date "2017.02.15"]
[Round "6.12"]
[White "Rueda Maria, Ramiro"]
[Black "De La Fuente Ebro, Miguel"]
[Result "1/2-1/2"]
[WhiteElo "1819"]
[BlackElo "1712"]
[PlyCount "32"]
[EventDate "2017.02.06"]
[EventType "swiss"]
[EventRounds "9"]
[EventCountry "ESP"]
[SourceTitle "Ajedrez en Madrid"]
[Source "lmi"]
[SourceDate "2017.02.06"]
[SourceVersion "1"]
[SourceVersionDate "2017.02.21"]
[SourceQuality "1"]

1. c4 c5 2. Nc3 g6 3. g3 Bg7 4. Bg2 Nc6 5. e3 e6 6. Nge2 Nge7 7. O-O O-O 8. Ne4
d6 9. d4 cxd4 10. Nxd4 Nxd4 11. exd4 d5 12. cxd5 Nxd5 13. Nc3 Qb6 14. Nxd5 exd5
15. Be3 Be6 16. Qd2 Rfc8 1/2-1/2

[Event "Madrid ch 2016/2017 - Previa A"]
[Site "Madrid ESP"]
[Date "2017.02.15"]
[Round "6.13"]
[White "Villodre Miranda, Juan Alonso"]
[Black "Sotoca Aguado, Jose"]
[Result "0-1"]
[WhiteElo "1596"]
[BlackElo "1911"]
[PlyCount "81"]
[EventDate "2017.02.06"]
[EventType "swiss"]
[EventRounds "9"]
[EventCountry "ESP"]
[SourceTitle "Ajedrez en Madrid"]
[Source "lmi"]
[SourceDate "2017.02.06"]
[SourceVersion "1"]
[SourceVersionDate "2017.02.21"]
[SourceQuality "1"]

1. c4 Nf6 2. Nc3 e5 3. e4 Nc6 4. d3 Bb4 5. a3 Be7 6. Nge2 d6 7. h3 O-O 8. g3
Nd4 9. Nxd4 exd4 10. Ne2 c5 11. Bg2 Rb8 12. O-O b5 13. b3 bxc4 14. bxc4 Bd7 15.
f4 Ne8 16. f5 Bf6 17. Nf4 Be5 18. Ne2 Qb6 19. Bd2 Qb3 20. Bf4 Qxd1 21. Rfxd1
Ba4 22. Rdb1 Nf6 23. Bxe5 dxe5 24. Nc1 Bc2 25. Rxb8 Rxb8 26. Kf2 Ba4 27. Bh1 g6
28. g4 gxf5 29. gxf5 Nh5 30. Ne2 Bc2 31. Nc1 Nf4 32. Ra2 Ba4 33. Ke1 Kg7 34. h4
Kf6 35. Kd2 Rb1 36. Rc2 Bxc2 37. Kxc2 Rb8 38. Nb3 Rc8 39. Na5 Ke7 40. Kb2 Rb8+
41. Kc2 0-1

[Event "Madrid ch 2016/2017 - Previa A"]
[Site "Madrid ESP"]
[Date "2017.02.15"]
[Round "6.14"]
[White "Sanchez Hernandez, Guillermo"]
[Black "Garcia Donoso, Alberto"]
[Result "1-0"]
[WhiteElo "1781"]
[BlackElo "1678"]
[PlyCount "55"]
[EventDate "2017.02.06"]
[EventType "swiss"]
[EventRounds "9"]
[EventCountry "ESP"]
[SourceTitle "Ajedrez en Madrid"]
[Source "lmi"]
[SourceDate "2017.02.06"]
[SourceVersion "1"]
[SourceVersionDate "2017.02.21"]
[SourceQuality "1"]

1. e4 c5 2. Nf3 e6 3. d4 cxd4 4. Nxd4 Nc6 5. Be3 a6 6. Nc3 Qc7 7. Bd3 Bb4 8.
O-O Bxc3 9. bxc3 Nf6 10. f4 Na5 11. Qe2 Qxc3 12. Nf3 Qc7 13. Bd4 Qxf4 14. Be5
Qh6 15. Bd6 Nc6 16. Rae1 b5 17. c4 b4 18. e5 Ng8 19. Qf2 Nge7 20. Nd4 O-O 21.
Nxc6 Nxc6 22. Bxf8 Qh5 23. Bd6 Bb7 24. Re3 h6 25. Rh3 Qg4 26. Qxf7+ Kh8 27.
Qf8+ Rxf8 28. Rxf8# 1-0

[Event "Madrid ch 2016/2017 - Previa A"]
[Site "Madrid ESP"]
[Date "2017.02.15"]
[Round "6.15"]
[White "Lopez Orellana, Federico"]
[Black "Franco Rincon, David"]
[Result "1-0"]
[WhiteElo "1754"]
[BlackElo "1721"]
[PlyCount "161"]
[EventDate "2017.02.06"]
[EventType "swiss"]
[EventRounds "9"]
[EventCountry "ESP"]
[SourceTitle "Ajedrez en Madrid"]
[Source "lmi"]
[SourceDate "2017.02.06"]
[SourceVersion "1"]
[SourceVersionDate "2017.02.21"]
[SourceQuality "1"]

1. d4 Nf6 2. e3 e6 3. Bd3 b6 4. Nf3 Bb7 5. Nbd2 d5 6. O-O Bd6 7. Qe2 Nbd7 8. c3
O-O 9. b4 Qe7 10. Bb2 c5 11. bxc5 bxc5 12. Ba3 c4 13. Bxd6 Qxd6 14. Bc2 e5 15.
e4 exd4 16. Nxd4 Rfe8 17. Rab1 Nb6 18. Rfe1 Qf4 19. g3 Qc7 20. e5 Bc8 21. f4 h6
22. Qg2 Nh7 23. N2f3 Bd7 24. f5 Nf8 25. g4 Ba4 26. g5 hxg5 27. Qxg5 Bxc2 28.
Nxc2 Nh7 29. Qg2 Nd7 30. f6 g6 31. e6 Ndxf6 32. Ng5 Nxg5 33. Qxg5 Kg7 34. Nd4
Ne4 35. Nf5+ Kg8 36. Rxe4 dxe4 37. exf7+ Kxf7 38. Nh6+ Ke6 39. Qxg6+ Kd7 40.
Rd1+ Kc8 41. Qxe8+ Kb7 42. Qxe4+ Ka6 43. Qe6+ Qb6+ 44. Qxb6+ axb6 45. Nf5 Kb5
46. Rd2 Kc5 47. Kg2 b5 48. Rb2 Ra3 49. Rc2 b4 50. cxb4+ Kxb4 51. Nd6 c3 52. Ne4
Ra8 53. Rxc3 Re8 54. Re3 Ra8 55. a3+ Kc4 56. h4 Kd4 57. Re1 Rxa3 58. h5 Ke5 59.
Ng3+ Kf6 60. Kh3 Kg5 61. Re5+ Kh6 62. Kh4 Ra4+ 63. Re4 Ra5 64. Rc4 Ra2 65. Nf5+
Kh7 66. Kg5 Ra5 67. Re4 Ra6 68. Re7+ Kh8 69. Rf7 Rb6 70. Rf6 Rb7 71. h6 Kh7 72.
Re6 Kg8 73. Nd6 Ra7 74. Kg6 Rg7+ 75. Kf6 Ra7 76. Nf5 Rf7+ 77. Kg5 Rf8 78. Kg6
Kh8 79. Ne7 Rf7 80. Nd5 Rf8 81. Nf6 1-0

[Event "Madrid ch 2016/2017 - Previa A"]
[Site "Madrid ESP"]
[Date "2017.02.15"]
[Round "6.16"]
[White "Boni De Aristizabal, Marco"]
[Black "Jaumandreu Llopis, Antonio"]
[Result "1-0"]
[WhiteElo "1715"]
[BlackElo "1541"]
[PlyCount "53"]
[EventDate "2017.02.06"]
[EventType "swiss"]
[EventRounds "9"]
[EventCountry "ESP"]
[SourceTitle "Ajedrez en Madrid"]
[Source "lmi"]
[SourceDate "2017.02.06"]
[SourceVersion "1"]
[SourceVersionDate "2017.02.21"]
[SourceQuality "1"]

1. e4 c5 2. c3 Nf6 3. e5 Nd5 4. Nf3 Nc6 5. d4 cxd4 6. cxd4 d6 7. Bc4 Nb6 8. Bb5
a6 9. Bxc6+ bxc6 10. O-O d5 11. b3 e6 12. Ba3 Bxa3 13. Nxa3 O-O 14. Rc1 Bb7 15.
Qd2 Nd7 16. Nb1 Qe7 17. Qa5 f6 18. Qc7 Rab8 19. exf6 Rxf6 20. Ne5 Bc8 21. Nxd7
Rf8 22. Qxb8 Bxd7 23. Qa7 Qf7 24. Qxa6 Bc8 25. Qxc6 h6 26. a4 Bb7 27. Qc7 1-0

[Event "Madrid ch 2016/2017 - Previa A"]
[Site "Madrid ESP"]
[Date "2017.02.15"]
[Round "6.17"]
[White "Cruz Gonzalez, Antonio"]
[Black "Ramos Antona, Enrique"]
[Result "1-0"]
[WhiteElo "1817"]
[BlackElo "1613"]
[PlyCount "87"]
[EventDate "2017.02.06"]
[EventType "swiss"]
[EventRounds "9"]
[EventCountry "ESP"]
[SourceTitle "Ajedrez en Madrid"]
[Source "lmi"]
[SourceDate "2017.02.06"]
[SourceVersion "1"]
[SourceVersionDate "2017.02.21"]
[SourceQuality "1"]

1. e4 c5 2. Nf3 d6 3. d4 cxd4 4. Nxd4 Nf6 5. Nc3 e5 6. Bb5+ Bd7 7. Bxd7+ Qxd7
8. Nb3 g6 9. Bg5 Qe6 10. Qe2 a6 11. O-O-O h6 12. Bxf6 Qxf6 13. Nd5 Qd8 14. Rd3
Bg7 15. Rhd1 O-O 16. Nc3 Qg5+ 17. Kb1 Nd7 18. Rg3 Qf6 19. Nd5 Qd8 20. Rgd3 Qh4
21. h3 Nc5 22. Nxc5 dxc5 23. Re3 Rac8 24. g3 Qh5 25. Qxh5 gxh5 26. Ne7+ Kh7 27.
Nxc8 Rxc8 28. Rd7 b5 29. Rxf7 c4 30. b3 Kg6 31. Rff3 Bf8 32. bxc4 bxc4 33. a3
a5 34. Ka2 Be7 35. h4 a4 36. Rf5 Bf6 37. Ref3 Rc6 38. Rxf6+ Rxf6 39. Rxf6+ Kxf6
40. Kb2 Ke6 41. Kc3 Kd6 42. Kxc4 Ke6 43. f4 exf4 44. gxf4 1-0

[Event "Madrid ch 2016/2017 - Previa A"]
[Site "Madrid ESP"]
[Date "2017.02.15"]
[Round "6.18"]
[White "Olano Lanchas, Dionisio"]
[Black "Beekhof Harmsen, Willen"]
[Result "1-0"]
[WhiteElo "1690"]
[BlackElo "1561"]
[PlyCount "62"]
[EventDate "2017.02.06"]
[EventType "swiss"]
[EventRounds "9"]
[EventCountry "ESP"]
[SourceTitle "Ajedrez en Madrid"]
[Source "lmi"]
[SourceDate "2017.02.06"]
[SourceVersion "1"]
[SourceVersionDate "2017.02.21"]
[SourceQuality "1"]

1. c4 g6 2. d4 Bg7 3. e4 c5 4. d5 d6 5. Ne2 b5 6. cxb5 Qa5+ 7. Nbc3 a6 8. Qb3
Nd7 9. Bd2 Rb8 10. a4 Qb4 11. Qc2 axb5 12. axb5 c4 13. Ra4 Qb3 14. Qxb3 cxb3
15. Nc1 Nc5 16. Ra3 Bd7 17. Nxb3 f5 18. Nxc5 dxc5 19. Ra5 fxe4 20. Bc4 Nf6 21.
Be3 O-O 22. Kd2 Rfc8 23. b3 Ng4 24. Nxe4 Nxe3 25. fxe3 Be5 26. Ra7 Bxb5 27.
Rxe7 Bd6 28. Re6 Bxc4 29. bxc4 Rb2+ 30. Kd3 Rxg2 31. h4 Kg7 1-0

[Event "Madrid ch 2016/2017 - Previa A"]
[Site "Madrid ESP"]
[Date "2017.02.15"]
[Round "6.19"]
[White "Garo Gomez, Juan Manuel"]
[Black "Diaz Begonte, Manuel"]
[Result "1/2-1/2"]
[WhiteElo "1290"]
[BlackElo "1664"]
[PlyCount "72"]
[EventDate "2017.02.06"]
[EventType "swiss"]
[EventRounds "9"]
[EventCountry "ESP"]
[SourceTitle "Ajedrez en Madrid"]
[Source "lmi"]
[SourceDate "2017.02.06"]
[SourceVersion "1"]
[SourceVersionDate "2017.02.21"]
[SourceQuality "1"]

1. e4 d5 2. exd5 Nf6 3. d4 Nxd5 4. c4 Nb6 5. Nf3 g6 6. c5 Nd5 7. Nc3 Bg7 8. Bc4
c6 9. Qb3 e6 10. Nxd5 exd5 11. Be2 O-O 12. O-O Nd7 13. Bf4 Nf6 14. Bg5 Qc7 15.
Bxf6 Bxf6 16. Qe3 Bf5 17. Rfe1 Rfe8 18. Qd2 Be4 19. g3 Re7 20. Ng5 Bxg5 21.
Qxg5 Rae8 22. Qd2 Qd7 23. f3 Bf5 24. g4 Be6 25. Bf1 f5 26. h3 fxg4 27. hxg4 Bf7
28. Rxe7 Qxe7 29. Kh2 Qh4+ 30. Bh3 h5 31. Rg1 Qf6 32. Qf2 h4 33. f4 g5 34. f5
Re4 35. Rd1 Qe7 36. Rd2 Kg7 1/2-1/2

[Event "Madrid ch 2016/2017 - Previa A"]
[Site "Madrid ESP"]
[Date "2017.02.15"]
[Round "6.20"]
[White "Suarez Arellano, Jorge"]
[Black "Rodriguez Bachiller, Luis"]
[Result "1-0"]
[WhiteElo "1518"]
[BlackElo "1656"]
[PlyCount "45"]
[EventDate "2017.02.06"]
[EventType "swiss"]
[EventRounds "9"]
[EventCountry "ESP"]
[SourceTitle "Ajedrez en Madrid"]
[Source "lmi"]
[SourceDate "2017.02.06"]
[SourceVersion "1"]
[SourceVersionDate "2017.02.21"]
[SourceQuality "1"]

1. e4 c6 2. d4 d5 3. Nc3 e6 4. e5 c5 5. dxc5 Bxc5 6. Qg4 g6 7. Bd3 Nc6 8. Nf3
Nb4 9. O-O Nxd3 10. cxd3 Bd7 11. d4 Be7 12. Be3 h5 13. Qf4 Nh6 14. Rac1 Nf5 15.
Rc2 O-O 16. Rfc1 Kg7 17. Ne2 Rc8 18. Ng3 Rxc2 19. Nxf5+ exf5 20. Qh6+ Kg8 21.
Rxc2 Be6 22. Ng5 Bxg5 23. Bxg5 1-0

[Event "Madrid ch 2016/2017 - Previa A"]
[Site "Madrid ESP"]
[Date "2017.02.15"]
[Round "6.21"]
[White "Martinez Carrasco, Jesus"]
[Black "Castro Uceda, Jose Antonio"]
[Result "1-0"]
[WhiteElo "1618"]
[BlackElo "1532"]
[PlyCount "89"]
[EventDate "2017.02.06"]
[EventType "swiss"]
[EventRounds "9"]
[EventCountry "ESP"]
[SourceTitle "Ajedrez en Madrid"]
[Source "lmi"]
[SourceDate "2017.02.06"]
[SourceVersion "1"]
[SourceVersionDate "2017.02.21"]
[SourceQuality "1"]

1. d4 Nf6 2. c4 e5 3. dxe5 Ng4 4. Nf3 Nc6 5. Bf4 Bb4+ 6. Nbd2 Qe7 7. a3 Bxd2+
8. Qxd2 Ngxe5 9. Nxe5 Nxe5 10. e3 d6 11. Be2 Bf5 12. O-O O-O 13. Rfd1 Rad8 14.
Qc3 Qf6 15. Rd2 Rfe8 16. Rad1 Qg6 17. Bg3 Be4 18. f3 Bc6 19. Bxe5 Rxe5 20. Qxe5
Re8 21. Qd4 Qg5 22. e4 b6 23. b3 h5 24. Qf2 h4 25. h3 Bd7 26. Kh1 Re6 27. Rd5
Qf4 28. Qf1 Rg6 29. e5 Be6 30. R5d4 Qxe5 31. Rxh4 Qc3 32. Bd3 Rg3 33. Rb1 Qf6
34. Re4 Bd7 35. Qe2 g6 36. Re7 Bxh3 37. gxh3 Rxh3+ 38. Kg2 Rh5 39. Re8+ Kh7 40.
Re4 d5 41. cxd5 Qd6 42. Rh1 Rxh1 43. Kxh1 Qxa3 44. Rh4+ Kg7 45. Qe5+ 1-0

[Event "Madrid ch 2016/2017 - Previa A"]
[Site "Madrid ESP"]
[Date "2017.02.15"]
[Round "6.22"]
[White "Suarez Mencia, Roberto"]
[Black "Enriquez Pastor, Jorge"]
[Result "0-1"]
[WhiteElo "1454"]
[BlackElo "1438"]
[PlyCount "120"]
[EventDate "2017.02.06"]
[EventType "swiss"]
[EventRounds "9"]
[EventCountry "ESP"]
[SourceTitle "Ajedrez en Madrid"]
[Source "lmi"]
[SourceDate "2017.02.06"]
[SourceVersion "1"]
[SourceVersionDate "2017.02.21"]
[SourceQuality "1"]

1. c4 e5 2. g3 Nc6 3. Bg2 Nf6 4. e3 d6 5. Ne2 Be6 6. b3 d5 7. cxd5 Bxd5 8. f3
Nb4 9. d4 exd4 10. exd4 Bc6 11. Nbc3 Nbd5 12. O-O Bb4 13. Bb2 Ne3 14. Qd2 Nxf1
15. Rxf1 O-O 16. a3 Bxc3 17. Bxc3 Re8 18. a4 Nd5 19. Nf4 Nxc3 20. Qxc3 Qf6 21.
Nh5 Qg6 22. Nf4 Qg5 23. Rd1 Rad8 24. Qc4 Bd5 25. h4 Bxc4 26. hxg5 Bxb3 27. Rc1
c6 28. Rb1 Bxa4 29. Rxb7 Rxd4 30. Rxa7 Bb5 31. Kh2 g6 32. Bh3 Rd2+ 33. Ng2 Bf1
34. Ra1 Bxg2 35. Bxg2 Ree2 36. Rg1 Kf8 37. g4 Ke7 38. Kg3 Rb2 39. f4 Re3+ 40.
Bf3 Rbb3 41. Rf1 c5 42. f5 gxf5 43. gxf5 Kf8 44. Kf4 Kg7 45. Bd5 Ra3 46. f6+
Kf8 47. Rb1 Re8 48. Bc6 Rc8 49. Rb7 Rd3 50. Ke4 Rcd8 51. Kf5 R3d6 52. Be4 R6d7
53. Rb6 Rc7 54. Bd5 Rxd5+ 55. Kg4 Rd8 56. Kh5 Kg8 57. Rb1 c4 58. Rg1 c3 59. Kh6
c2 60. Rh1 c1=Q 0-1